000 00917nam a2200265 i 4500
003 IT-RoINE
005 20190507092447.0
008 160708s1992 sp a |r|||| 001||dspa|d
020 _a8471000700
040 _aIT-RoINE
100 1 _aRodríguez González, Jesús Jerónimo,
_918232
_d1955-
245 1 0 _aAsturias y América /
_cJesús Jerónimo Rodríguez González.
260 _aMadrid :
_bMAPFRE,
_c1992.
300 _a339 p. :
_bil. ;
_c23 cm.
336 _2rdacontent
_atext
337 _2rdamedia
_aunmediated
338 _2rdacarrier
_avolume
490 1 _aColección las Españas y América ;
_v12
500 _aIncluye índices y apéndices.
504 _aBibliografía: p. [319]-324.
650 4 _aAsturianos
_zAmérica Latina
_xHistoria
_940104
651 4 _aAmérica
_xDescubrimiento y exploración españoles
_925486
830 0 _959207
_aEspañas y América (MAPFRE)
_v12
942 _cMTS
999 _c30216
_d30216